Normal view
MARC view
- United States
Entry Geographic Name
001 - CONTROL NUMBER
- control field: 105862
003 - CONTROL NUMBER IDENTIFIER
- control field: NUST
005 - DATE AND TIME OF LATEST TRANSACTION
- control field: 20221226101256.0
008 - FIXED-LENGTH DATA ELEMENTS
- fixed length control field: 221226|| aca||aabn | a|a d
040 ## - CATALOGING SOURCE
- Original cataloging agency: NUST
- Transcribing agency: NUST
151 ## - HEADING--GEOGRAPHIC NAME
- Geographic name: United States
- General subdivision: History
- Chronological subdivision: 1961-1969
670 ## - SOURCE DATA FOUND
- Source citation: Work cat.: (NUST)184567: Hoopes, Townsend, 105860, The limits of intervention;, [1973]
